Vocabulaire agricole (click) - Statistiques

Statistiques générales
  • Ce quiz a été pris 420 fois
  • Le résultat moyen est 13 sur 25
Statistiques - réponses
Hint Réponse % Correct
Ensemble des animaux d'une exploitation Cheptel
73%
Liquide issu du mélange des déjections d'animaux d'élevage
Lisier
73%
Plantes cultivées pour leur production d’huile
Oléagineux
73%
Transport du pollen de l’anthère au stigmate d'une fleur Pollinisation
73%
Retournement de la terre pour la préparation à la culture Labour
71%
Instrument projetant et étalant le fumier sur les cultures Epandeur
69%
Parcelle non cultivée Jachère
67%
Récolte de plantes à graines Moisson
66%
Ensemble des parcelles réunies sur un plan Parcellaire
64%
Case individuelle pour le logement des animaux au repos Logette
62%
Broyage d’éléments végétaux avant leur mise en silo Ensilage
55%
Personne travaillant dans les marais salants pour la récolte du sel Paludier
52%
Aliments en tiges consommés par les animaux Fourrage
49%
Barrière permettant le passage d’une tête d’animal Cornadis
46%
Action de nourrir et de soigner les animaux. Panser
44%
Grattage du sol éliminant les mauvaises herbes. Sarclage
42%
Bail permettant à un fermier de cultiver et d’exploiter la terre d'autrui Fermage
40%
Bande de fourrage laissé sur le champ après le fauchage Andain
39%
Opération destinée à ramener la terre au pied des plantes Buttage
38%
Une mauvaise herbe. Adventice
37%
Trace produite par le passage répété des animaux Sente
34%
Assèchement prématuré de la culture avant la récolte Échaudage
27%
Technique pour redonner de la perméabilité au sol Sous-solage
26%
Mode de rétribution d’un locataire par une partie de sa production Métayage
21%
Lieu extérieur où les animaux se reposent Chôme
12%
Aucun quiz correspondant
Distribution des résultats
% des personnes avec chaque résultat
Percentile par nombre de réponses
Votre historique - résultats
Vous n’avez pas pris ce quiz